| 000 | 01631cam a22004574i 4500 | ||
|---|---|---|---|
| 003 | PE-LiUPU | ||
| 005 | 20250731173030.0 | ||
| 008 | 150623s r 000 0 d | ||
| 020 | _a0828007942 | ||
| 035 | _a(Sirsi) i9780828007948 | ||
| 040 |
_aPE-LiUPU _bspa _cPE-LiUPU _erda |
||
| 049 | _aPRUA | ||
| 082 | 0 | 4 |
_a232.3 _bR72 _221 |
| 100 | 1 |
_aRock, Calvin B., _eautor. |
|
| 245 | 1 | 0 |
_aSeeing Christ: windows on his saving grace / _cCalvin Rock. |
| 264 | 1 |
_aHagerstown, MD : _bReview and Herald Publishing Association, _c1994. |
|
| 300 |
_a159 páginas ; _c22 centímetros |
||
| 336 |
_atext _2rdacontent |
||
| 337 |
_aunmediated _2rdamedia |
||
| 338 |
_avolume _2rdacarrier |
||
| 505 | 0 | _aWindows on His attraction. -Windows on his presence. -Windows on his representation. -Windows on His initiative. -Windows on His protection. -Windows on His Passion. -Windows on His mediation. | |
| 526 | _aSEG42 | ||
| 526 | _aSEG41 | ||
| 526 | _aSEG40 | ||
| 526 | _aSEG39 | ||
| 526 | _aP94 | ||
| 526 | _aP87 | ||
| 526 | _aP86 | ||
| 526 | _aP85 | ||
| 526 | _aP77 | ||
| 526 | _aP76 | ||
| 526 | _aP35 | ||
| 600 | 1 |
_aJesucristo _xConocimiento |
|
| 650 | 0 | 4 |
_aAdventistas del Séptimo Día _xDoctrinas. |
| 942 |
_2ddc _cBOOK |
||
| 949 |
_a232.3 R72 _wDEWEY _c1 _i48087 _lCCODEBUL1 _mBUL _r0 _sY _tBOOK _u2015-6-24 _xTEOLOGIA _PP35 _0COMPRA _o.STAFF. Colección General |
||
| 994 |
_aC0 _bPEPRU |
||
| 596 | _a1 | ||
| 999 |
_a232.3 R72 _wDEWEY _c25019 _i48087 _f2021-11-10 _g5 _lCCODEBUL1 _mBUL _r0 _sY _tBOOK _u2015-6-24 _xTEOLOGIA _PP35 _0COMPRA _o.STAFF. Colección General _d25019 |
||
| 980 |
_81 _gALBERTO SANCHEZ Responsable de Automatización |
||